banner-ar

الاباء والعدوانية لدى الابناء : (Record no. 60522)

MARC details
000 -الفاتح
حقل البيانات ثابتة الطول 01300nam a2200313 4500
005 - وقت وتاريخ اخر تعامل مع التسجيلة
رقم الضبط 20240530110414.0
008 - عناصر البيانات ثابتة الطول - معلومات عامة
حقل البيانات ثابتة الطول 150301s2010 su g b 000 0 ara d
017 ## - رقم الايداع القانونى
رقم الايداع القانونى 840/1427
المصدر ( الهيئة المختصة) السعودية . مكتبة الملك فهد
020 ## - الرقم الدولى المعيارى للكتب
الرقم الدولى المعيارى للكتاب 9960664910
040 ## - مصدر الفهرسة
وكالة الفهرسة الأصلية EG-CaGPL
041 0# - رمز اللغة
رمز لغة النص/ المسارات الصوتية أو العنوان الانفرادي ara
082 04 - رقم تصنيف ديوى العشرى
رقم الطبعة 21
رقم التصنيف 362.76\
رقم المادة ع آ
100 0# - المدخل الرئيسى - إسم شخصى
الإسم الشخصى عبدالرحمن سيد سليمان
245 12 - بيان العنوان
العنوان الاباء والعدوانية لدى الابناء :
بقية العنوان العاديين وذوى الاحتياجات الخاصة /
بيان المسئوليه,etc تاليف عبدالرحمن سيد سليمان ، ايهاب الببلاوى
250 ## - بيان الطبعة
بيان الطبعة ط1
260 ## - PUBLICATION, DISTRIBUTION, ETC. (IMPRINT)
تاريخ النشر أو التوزيع 2010
300 ## - الوصف المادى
التعداد 310 ص ؛
أبعاد الوعاء 24 سم
504 ## - تبصرة ببليوجرافية
تبصرة ببليوجرافية,الخ ببليوجرافية : ص 285 - 310
650 04 - المدخل الاضافى بالموضوع-مصطلح موضوعى
مصطلح موضوعي الاطفال
التقسيم الفرعي العام تربية
650 04 - المدخل الاضافى بالموضوع-مصطلح موضوعى
مصطلح موضوعي الاباء والابناء
650 04 - المدخل الاضافى بالموضوع-مصطلح موضوعى
مصطلح موضوعي الاطفال
التقسيم الفرعي العام رعاية
650 04 - المدخل الاضافى بالموضوع-مصطلح موضوعى
مصطلح موضوعي العلاقات الاسرية
650 04 - المدخل الاضافى بالموضوع-مصطلح موضوعى
مصطلح موضوعي الاطفال المعوقون
التقسيم الفرعي العام تربية
650 04 - المدخل الاضافى بالموضوع-مصطلح موضوعى
مصطلح موضوعي الاطفال
التقسيم الفرعي العام السلوك العدوانى
650 04 - المدخل الاضافى بالموضوع-مصطلح موضوعى
مصطلح موضوعي الاطفال
التقسيم الفرعي العام تربية
-- العدوانية
700 0# - المدخل الاضافى - اسم شخصى
الإسم الشخصى ايهاب الببلاوى
الدور مؤلف مشارك
942 ## - عناصر المدخل الإضافي( كوها)
مصدر التصنيف او مخطط الترفيف Dewey Decimal Classification
Koha [default] item type كتاب
260 ## - PUBLICATION, DISTRIBUTION, ETC. (IMPRINT)
-- الرياض :
-- دار الزهراء للنشر والتوزيع ،
Holdings
حالة التراجع حالة الفقد حالة تلف ليس للاعارة المكان المؤقت الموقع الحالى تاريخ الاكتساب اجمالي اﻻعارات رقم الطلب الباركود تاريخ اخر مشاهدة تاريخ تفعيل السعر نوع وعاء كوها
        مكتبة القاهرة الكبرى مكتبة القاهرة الكبرى 03/01/2015   362.76\ ع آ 159608 03/01/2015 03/01/2015 كتاب

Powered By

EGPV